=LDR 00000nam 2200000 4500 =001 INLIS000000000048920 =005 20241003081309 =035 ##$$a 0010-011700000000201 =008 241003################g##########0#ind## =020 ##$$a 978-602-8442-00-8 =082 ##$$a 351.140 76 =100 ##$$a Leonard =245 1#$$a 1.450 soal tes CPNS & TPA /$c Leonard =250 ##$$a Cet. 1 =260 ##$$a Jakarta :$b ForumKita,$c 2009 =300 ##$$a IV, 249 hLM : $b Ilus ; $c 23 Cm x 15 Cm =084 ##$$a 351.140 76-Leo-s LEO s =650 #4$$a Pegawai negeri penerimaan tes dan soal soal =990 ##$$a 21110322 =990 ##$$a 21110322